[Event "10th EICC"]
[Site "Budva MNE"]
[Date "2009.03.16"]
[Round "10"]
[White "Maze,S"]
[Black "Postny,E"]
[Result "1/2-1/2"]
[WhiteElo "2579"]
[BlackElo "2652"]

1.e4 e5 2.Nf3 Nc6 3.Bb5 a6 4.Ba4 Nf6 5.O-O Be7 6.Re1 b5 7.Bb3 d6 8.c3 O-O
9.h3 Nb8 10.d4 Nbd7 11.Nbd2 Bb7 12.Bc2 Re8 13.a4 c5 14.d5 Qb6 15.b3 Reb8
16.a5 Qc7 17.Nf1 g6 18.N3h2 Bf8 19.Ng4 Nxg4 20.hxg4 Nf6 21.Ng3 Bc8 22.f3 b4
23.c4 Ne8 24.Kf2 Ra7 25.Rh1 f6 26.Bh6 Bxh6 27.Rxh6 Qf7 28.Qd2 Qf8 29.Rah1 Rg7
30.Nf1 Qe7 31.Bd3 Qd8 32.Qa2 Rbb7 33.Ne3 Rbf7 34.Ke1 Kf8 35.g3 Ke7 36.f4 Kd7
37.Kd2 Kc7 38.Bf1 Qe7 39.Bg2 Kb8 40.Qa1 Bd7 41.Kd3 Qf8 42.R1h2 Re7 43.f5 Qg8
44.fxg6 hxg6 45.Rh8 Qf7 46.Bh3 Rg8 47.Rh6 Qf8 48.g5 f5 49.Rf2 Rf7 50.Qf1 fxe4+
51.Ke2 Bxh3 52.Rxh3 Rxf2+ 53.Qxf2 Qe7 54.Qh2 Qxg5 55.Rh7 Nf6 56.Rh8 Re8 57.Rxe8+ Nxe8
58.Qh8 Qh5+ 59.Qxh5 gxh5 60.Nf5 Kc7 61.Ke3 Nf6 62.Ne7 Kd8 63.Nf5 Kd7 64.Ng7 Kd8
65.Nf5 Kc7 66.Ng7 Kd7 67.Nf5 Nh7 68.Ng7 Ng5 69.Nxh5 Ke7 70.g4 Nf3 71.Ng3 Nd4
72.g5 Nxb3 73.Nf5+ Kf8 74.Nxd6 Nxa5 75.Kxe4 Kg7 76.Kd3 Kg6 77.Ne4 Nb7 78.d6 a5
79.d7 a4 80.Kc2 Nd8 81.Nxc5 Kxg5 82.Nxa4 Kf6 83.Kb3 Ke7 84.Kxb4 Kxd7 85.Kc5 e4
86.Kd4 Nb7 87.Nc3 Na5 88.Nxe4 Nxc4 89.Kxc4  1/2-1/2

[Event "10th Dos Hermanas Internet"]
[Site "ICC INT"]
[Date "2009.03.20"]
[Round "1.2"]
[White "Zinchenko,Ya"]
[Black "Jones,G"]
[Result "0-1"]
[WhiteElo "2527"]
[BlackElo "2540"]

1.e4 e5 2.Nf3 Nc6 3.Bb5 a6 4.Ba4 Nf6 5.O-O Be7 6.Re1 b5 7.Bb3 d6 8.c3 O-O
9.h3 Nb8 10.d4 Nbd7 11.Nbd2 Bb7 12.Bc2 c5 13.d5 c4 14.b4 a5 15.Nf1 axb4 16.cxb4 Qc7
17.Ne3 Rfc8 18.Nf5 Bf8 19.Bg5 c3 20.Bb3 h6 21.Bxf6 Nxf6 22.Rc1 g6 23.Ng3 h5
24.Qd3 Bh6 25.Rc2 Qb6 26.Ne2 Rc7 27.Rxc3 Rac8 28.Rxc7 Rxc7 29.Nc3 Ba6 30.Nb1 Qb8
31.Nbd2 Qc8 32.Kh2 Rc3 33.Qe2 Nh7 34.Nb1 Rc7 35.Na3 Qb7 36.Nc2 Ng5 37.Nxg5 Bxg5
38.g3 Qc8 39.Na3 Qd7 40.h4 Bh6 41.Qd3 Bc8 42.Qf1 Ba6 43.Rd1 Rc3 44.Nb1 Rc7
45.Nd2 Rc3 46.Nb1 Rc7 47.Nd2 Qc8 48.Nf3 Rc3 49.Ng5 Qg4 50.Rd3 Rc8 51.Qd1 Qd7
52.Qf3 Rc7 53.Rd1 Bc8 54.Kg1 Kg7 55.Qe2 Bxg5 56.hxg5 Qh3 57.Qf3 Qg4 58.Qxg4 Bxg4
59.Rd3 Be2 60.Re3 Bc4 61.Bxc4 Rxc4 62.a3 f6 63.Kg2 fxg5 64.Kf3 Rc2 65.Rd3 g4+
66.Kg2 Kf6 67.Rb3 g5 68.Re3 h4 69.gxh4 gxh4 70.Kg1 Kg5 71.a4 bxa4 72.Ra3 Rb2
73.Rxa4 Kf4 74.Ra6 Kxe4 75.Rxd6 Rxb4 76.Rh6 h3 77.Rg6 Kf4 78.Rf6+ Kg5 79.Rf8 Rb1+
80.Kh2 Rd1 81.Kg3 Rd3+ 82.Kh2 Rxd5 83.Rg8+ Kf4 84.Rf8+ Ke4 85.Re8 Kf3 86.Kg1 Rd1+
87.Kh2 Kxf2 88.Rf8+ Ke3 89.Rf2 g3+ 90.Kxg3 Rg1+ 91.Kxh3 Kxf2 92.Kh4 Rg2  0-1

[Event "Victor Ciocaltea Mem"]
[Site "Bucharest ROM"]
[Date "2009.03.27"]
[Round "5"]
[White "Haznedaroglu,K"]
[Black "Miron,L"]
[Result "1/2-1/2"]
[WhiteElo "2451"]
[BlackElo "2443"]

1.e4 e5 2.Nf3 Nc6 3.Bb5 a6 4.Ba4 Nf6 5.O-O Be7 6.Re1 b5 7.Bb3 d6 8.c3 O-O
9.h3 Nb8 10.d4 Nbd7 11.Nbd2 Bb7 12.Bc2 Re8 13.b4 Bf8 14.Bb2 g6 15.Qb1 Rb8
16.Nb3 Ba8 17.Na5 exd4 18.cxd4 d5 19.exd5 Bxd5 20.Rxe8 Qxe8 21.a3 Bxf3 22.gxf3 Qe6
23.Qf1 Nd5 24.Re1 Qf6 25.Be4 Nf4 26.Bc1 Qh4 27.Bxf4 Qxf4 28.Nb3 Bd6 29.Qg2 Re8
30.Nc5 Nf6 31.Re3 Qh4 32.Kf1 Bf4 33.Rd3 Bd6 34.Re3 Qh5 35.Bc6 Rxe3 36.fxe3 Bxc5
37.bxc5 Qf5 38.e4 Qf4 39.Qf2 Qc1+ 40.Kg2 Qxa3 41.e5 Nh5 42.Qd2 Qd3 43.Qxd3 Nf4+
44.Kf1 Nxd3 45.Bb7 Nb4 46.Ke2 c6 47.Bc8 Kf8 48.f4 a5 49.f5 a4 50.Kd2 a3 51.Kc3 a2
52.Kb2 Nc2 53.Kxa2 Nxd4 54.fxg6 hxg6 55.Bg4 Ke7 56.Ka3 Nc2+ 57.Kb3 Ne3 58.Bf3 Nd5
59.Bg4 Nf4 60.Kc3 Kd8 61.h4 Ne6 62.Kb4 Nf4 63.Kc3 Kc7 64.Bf3 Kd7 65.Bg4+ Kd8
66.Bf3 Kc7 67.Bg4 Ne6 68.Kb4 Ng7 69.Kc3 Ne6 70.Kb4 Nf4 71.Kc3 Kd8 72.Bf3 Kc7
73.Bg4 Ne6 74.Kb4 Kd7 75.h5 Ke7 76.hxg6 fxg6 77.Bf3 Nd8 78.Kc3 Ke6 79.Kd4 Kf5
80.Be4+ Kf4 81.Bxg6 Ne6+ 82.Kc3 Kxe5 83.Be8 Nd8 84.Kb4 Kd5 85.Bh5 Kd4 86.Bf3 Ne6
87.Bxc6 Nxc5  1/2-1/2

[Event "Victor Ciocaltea Mem"]
[Site "Bucharest ROM"]
[Date "2009.03.29"]
[Round "7"]
[White "Erdogdu,M"]
[Black "Miron,L"]
[Result "1/2-1/2"]
[WhiteElo "2460"]
[BlackElo "2443"]

1.e4 e5 2.Nf3 Nc6 3.Bb5 a6 4.Ba4 Nf6 5.O-O Be7 6.Re1 b5 7.Bb3 d6 8.c3 O-O
9.h3 Nb8 10.d4 Nbd7 11.Nbd2 Bb7 12.Bc2 Re8 13.Nf1 Bf8 14.Ng3 g6 15.b3 Bg7
16.d5 Qe7 17.c4 c5 18.Bd3 b4 19.a3 a5 20.Nh4 Nf8 21.Nhf5 gxf5 22.Nxf5 Qc7
23.Qf3 Bc8 24.g4 Bxf5 25.gxf5 N8d7 26.a4 Kf8 27.Kh1 Ke7 28.Rg1 Rg8 29.Bg5 Bh8
30.Rg3 Raf8 31.Rag1 Kd8 32.Kg2 Kc8 33.Kf1 Kb7 34.Ke2 Qc8 35.Kd2 Nb6 36.Bc2 Qe8
37.R1g2 Nbd7 38.Qe2 Qb8 39.Kc1 Rc8 40.Bd1 Qc7 41.Bc2 Qd8 42.Qe3 Qf8 43.Qe2 Bg7
44.Kb1 Bh6 45.h4 Kc7 46.Bd1 Rh8 47.Qe3 Bg7 48.Qd3 Ng8 49.Qf3 f6 50.Be3 Bh6
51.Qh5 Bxe3 52.fxe3 Qh6 53.Rg7 Qxh5 54.Bxh5 Nh6 55.Re7 Rhg8 56.Rxg8 Nxg8
57.Rxh7 Rf8 58.Bg6 Kd8 59.h5 Ne7 60.Kc2 Rg8 61.Rf7 Rh8 62.Kd3 Rf8  1/2-1/2

[Event "Knut Bockman Cup"]
[Site "Oslo NOR"]
[Date "2009.04.08"]
[Round "4"]
[White "Stubberud,O"]
[Black "Harestad,H"]
[Result "1/2-1/2"]
[WhiteElo "2197"]
[BlackElo "2235"]

1.e4 e5 2.Nf3 Nc6 3.Bb5 a6 4.Ba4 Nf6 5.O-O Be7 6.Re1 b5 7.Bb3 O-O 8.h3 d6
9.c3 Nb8 10.d4 Nbd7 11.Nbd2 Bb7 12.Nh2 d5 13.exd5 exd4 14.cxd4 Bxd5 15.Ng4 Bxb3
16.Nxb3 Nxg4 17.Qxg4 Nf6 18.Qf5 Nd5 19.Bd2 c6 20.Rac1 Rc8 21.Rc2 Bf6 22.Rec1 Qd6
23.Qg4 g6 24.Nc5 h5 25.Qd7 Rfd8 26.Qxd6 Rxd6 27.Nxa6 Bxd4 28.Nb4 Nxb4 29.Bxb4 Re6  1/2-1/2

[Event "CEZ Cup"]
[Site "Frydek Mistek CZE"]
[Date "2009.04.09"]
[Round "1"]
[White "Krzyzanowski,M"]
[Black "Talla,V"]
[Result "1-0"]
[WhiteElo "2272"]
[BlackElo "2456"]

1.e4 e5 2.Nf3 Nc6 3.Bb5 a6 4.Ba4 Nf6 5.O-O Be7 6.Re1 b5 7.Bb3 d6 8.c3 O-O
9.h3 Nb8 10.d4 Nbd7 11.Nbd2 Bb7 12.Bc2 Re8 13.Nf1 Bf8 14.Ng3 g6 15.b3 c6
16.Qd2 Qc7 17.Bb2 Rad8 18.c4 exd4 19.Nxd4 bxc4 20.bxc4 Ne5 21.Bb3 c5 22.Nc2 Bg7
23.Bc3 Nc6 24.Rad1 Qb8 25.Qc1 Nd7 26.Bxg7 Kxg7 27.Qg5 Kh8 28.h4 f6 29.Qf4 Nce5
30.Ne3 Re7 31.h5 Rf7 32.Qh4 Kg8 33.f4 Nc6 34.hxg6 hxg6 35.Ng4 Kf8 36.Qh6+ Rg7
37.Qh8+ Rg8 38.Qh4 Rg7 39.Nxf6 Nxf6 40.Qxf6+ Kg8 41.Qe6+ Kf8 42.f5 Ne5 43.fxg6 Rxg6
44.Rf1+ Kg7 45.Qe7+ Kh8 46.Qh4+ Kg8 47.Nf5 Rd7 48.Nh6+ Kg7 49.Nf5+ Kg8 50.Ne7+ Rxe7
51.Qxe7 Bxe4 52.Rf2 Bf3 53.Rdd2 d5 54.cxd5 c4 55.d6 cxb3 56.d7 Nxd7 57.Rxd7  1-0

[Event "47th Doeberl Cup Premier"]
[Site "Canberra AUS"]
[Date "2009.04.12"]
[Round "8"]
[White "Wallis,C"]
[Black "Caoili,A"]
[Result "1/2-1/2"]
[WhiteElo "2250"]
[BlackElo "2172"]

1.e4 e5 2.Nf3 Nc6 3.Bb5 a6 4.Ba4 Nf6 5.O-O Be7 6.Re1 b5 7.Bb3 d6 8.c3 O-O
9.h3 Nb8 10.d4 Nbd7 11.Nbd2 Bb7 12.Bc2 Re8 13.Nf1 Bf8 14.Ng3 g6 15.a4 Bg7
16.d5 Qb8 17.b3 c6 18.c4 bxc4 19.bxc4 a5 20.Ba3 Bf8 21.Rb1 Qc7 22.Nd2 Ba6
23.Ngf1 Rec8 24.Ne3 Nc5 25.Qf3 Bg7 26.Rec1 Rab8 27.dxc6 Qxc6 28.Rxb8 Rxb8
29.Nd5 Nxd5 30.cxd5 Qc7 31.Qe3 Bf8 32.Bd3 Bxd3 33.Qxd3 Bh6 34.Bxc5 dxc5 35.Rc4 Qb6
36.Qc2 Bf8 37.Rc3 Qb2 38.Nc4 Qxc2 39.Rxc2 Rb4 40.Nxa5 Rxa4 41.Nc4 Ra1+ 42.Kh2 Rd1
43.g3 Rd4 44.Nxe5 Rxe4 45.Nd7 Rd4 46.Nxf8 Kxf8 47.Rxc5 Ke7  1/2-1/2

[Event "Knut Bockman Cup"]
[Site "Oslo NOR"]
[Date "2009.04.12"]
[Round "9"]
[White "Botheim,T"]
[Black "Almer,J"]
[Result "1/2-1/2"]
[WhiteElo "1985"]
[BlackElo "1916"]

1.e4 e5 2.Nf3 Nc6 3.Bb5 a6 4.Ba4 Nf6 5.O-O Be7 6.Re1 b5 7.Bb3 d6 8.c3 O-O
9.h3 Nb8 10.d4 Nbd7 11.Nbd2 Bb7 12.Bc2 Re8 13.Nf1 Bf8 14.Ng3 g6 15.a4 c5
16.d5 c4 17.Bg5 h6 18.Be3 Nc5 19.Qd2 h5 20.Bg5 Be7 21.Bh6 Nh7 22.Be3 Qc7
23.Ra3 Rab8 24.Rea1 Bc8 25.axb5 axb5 26.Ra7 Rb7 27.Rxb7 Bxb7 28.Qd1 Nf6 29.Ra7 Nfd7
30.Qa1 Rb8 31.Qa5 Qxa5 32.Rxa5 Bc8 33.Nd2 Bd8 34.Ra1 Bb6 35.Ngf1 Kg7 36.b4 cxb3
37.Nxb3 Na4 38.Bd2 Nf6 39.Rc1 Bd7 40.Bb1 Rc8 41.Ne3 Nb2 42.Kf1 h4 43.Nd1 Nxd1
44.Rxd1 Rc4 45.Re1 Rc8  1/2-1/2

[Event "80th Viktor Kart Jubilee"]
[Site "Lvov UKR"]
[Date "2009.04.18"]
[Round "9"]
[White "Ganin,M"]
[Black "Stets,D"]
[Result "1/2-1/2"]
[WhiteElo "2431"]
[BlackElo "2422"]

1.e4 e5 2.Nf3 Nc6 3.Bb5 a6 4.Ba4 Nf6 5.O-O Be7 6.Re1 b5 7.Bb3 d6 8.c3 O-O
9.h3 Nb8 10.d4 Nbd7 11.Nbd2 Bb7 12.Bc2 Re8 13.Nf1 Bf8 14.Ng3 g6 15.b3 c6
16.a4 Bg7  1/2-1/2

[Event "2nd Mayors Cup"]
[Site "Mumbai IND"]
[Date "2009.05.03"]
[Round "3"]
[White "Konguvel,P"]
[Black "Swayams,M"]
[Result "0-1"]
[WhiteElo "2428"]
[BlackElo "2211"]

1.e4 e5 2.Nf3 Nc6 3.Bb5 a6 4.Ba4 Nf6 5.O-O Be7 6.Re1 b5 7.Bb3 d6 8.c3 O-O
9.h3 Nb8 10.d4 Nbd7 11.Nbd2 Bb7 12.Bc2 Re8 13.a4 Bf8 14.Bd3 c6 15.b3 Qc7
16.Qc2 g6 17.Ba3 Bg7 18.Rad1 Rad8 19.axb5 axb5 20.dxe5 Nxe5 21.Nxe5 dxe5
22.c4 Qa5 23.Bb2 b4 24.Ra1 Qc5 25.Nf3 Bh6 26.Bf1 Nd7 27.Red1 f6 28.Nh2 Nf8
29.Ng4 Bg7 30.Rxd8 Rxd8 31.Rd1 Rxd1 32.Qxd1 Qe7 33.c5 Bc8 34.Bc4+ Be6 35.Ne3 Bh6
36.Nd5 cxd5 37.exd5 Bf7 38.d6 Qb7 39.Qd3 Qc6 40.Bb5 Qxc5 41.d7 Nxd7 42.Qxd7 Bxb3
43.Qd8+ Qf8 44.Qb6 Qe7 45.h4 Bf8 46.Bd3 Qd6 47.Qe3 Bf7 48.g4 Qd5 49.Be4 Qd1+  0-1

[Event "FIDE Open"]
[Site "Ostrava CZE"]
[Date "2009.05.07"]
[Round "6"]
[White "Warakomski,T"]
[Black "Dolezal,Ra1"]
[Result "1/2-1/2"]
[WhiteElo "2488"]
[BlackElo "2432"]

1.e4 e5 2.Nf3 Nc6 3.Bb5 a6 4.Ba4 Nf6 5.O-O Be7 6.Re1 b5 7.Bb3 O-O 8.c3 d6
9.h3 Nb8 10.d4 Nbd7 11.Nbd2 Bb7 12.Bc2 Re8 13.Nf1 Bf8 14.Ng3 g6 15.a4 c6
16.b3 Qc7 17.Bb2 Bg7 18.Rb1 Rad8 19.c4 b4 20.Qd2 c5 21.d5 h6 22.Nh2 Kh7 23.Rf1 Ng8
24.Kh1 Bc8 25.Ne2 Re7 26.f3 a5 27.Rf2 Rf8 28.Rbf1 Qd8 29.Qc1 Rfe8 30.Qa1 Nf8
31.f4 f6 32.f5 g5 33.Ng3 Kh8 34.Bd1 Ra7 35.Bg4 Ree7 36.Nh5 Bd7 37.Qd1 Be8
38.g3 Nh7 39.Rg1 Reb7 40.Bc1 Bf8 41.Be3 Qe7 42.Nf1 Qf7 43.Nd2 Be7 44.Rh2 Bd8
45.Kg2 Qf8 46.Kf1 Rc7 47.Ke2 Ne7 48.Kd3 Ng8 49.h4 Rab7 50.Rf1 Ra7 51.Rfh1 Rab7
52.Nf3 Ra7 53.Qa1 Rab7 54.hxg5 hxg5 55.Nd2 Ra7 56.Be2 Rab7 57.Rh3 Ra7 58.R1h2 Rab7
59.Kc2 Ra7 60.Kb2 Rab7 61.Nf1 Ra7 62.Bd2 Rab7 63.Ne3 Ra7 64.Ng4 Rab7 65.Bf3 Ra7
66.Qc1 Rd7 67.Rh1 Rab7 68.R1h2 Ra7 69.Nhxf6 Nxf6 70.Nxf6 Bxf6 71.Bxg5 Bxg5
72.Qxg5 Rg7 73.Qe3 Kg8 74.g4 Qf6 75.Rh6 Qg5 76.Qe2 Nf6 77.Rh8+ Kf7 78.Kc2 Ke7
79.Qf2 Rd7 80.R8h6 Bf7 81.R2h4 Rd8 82.Qh2 Kd7 83.Qd2 Qxd2+ 84.Kxd2 Ke7 85.Ke3 Rdg8
86.Rxf6 Kxf6 87.Rh6+ Kg5 88.Rxd6 Rh8 89.Rc6 Rh2 90.d6 Be8 91.Rxc5 Rb2 92.Rxe5 Rxb3+
93.Kd4 Bd7 94.Bd1 Rb1 95.Bc2 Rc1 96.Bd3 b3 97.Rxa5 b2 98.Ra7 b1=Q 99.Bxb1 Rxb1
100.e5 Rf7 101.Rc7 Rd1+ 102.Kc5 Kxg4 103.Rxd7 Rxd7 104.e6 R1xd6 105.exd7 Rxd7
106.a5 Kxf5 107.a6 Rc7+ 108.Kb6 Rxc4 109.a7 Ra4 110.Kb7 Rxa7+ 111.Kxa7  1/2-1/2

[Event "TCh-ISR 2008-9"]
[Site "Israel ISR"]
[Date "2009.05.08"]
[Round "7"]
[White "Caspi,I"]
[Black "Avrukh,B"]
[Result "1/2-1/2"]
[WhiteElo "2408"]
[BlackElo "2657"]

1.e4 e5 2.Nf3 Nc6 3.Bb5 a6 4.Ba4 Nf6 5.O-O Be7 6.Re1 b5 7.Bb3 d6 8.c3 O-O
9.h3 Nb8 10.d4 Nbd7 11.Nbd2 Bb7 12.Bc2 Re8 13.Nf1 Bf8 14.Ng3 g6 15.b3 Bg7
16.d5 Rc8 17.Bg5 c6 18.c4 Qc7 19.Rc1 bxc4 20.bxc4 Nc5 21.Qd2 a5 22.Red1 Ba6
23.Bb1 cxd5 24.cxd5 Rb8 25.Be3 Nfd7 26.Ne1 Rb4 27.Bd3 Qb7 28.Bxa6 Qxa6 29.Nd3 Nxd3
30.Rc6 Nb6 31.Qxd3 Qxd3 32.Rxd3 Nc4 33.Bc1 Nb2 34.Rd2 Reb8 35.Rdc2 Bf8 36.Ra6 Nd3
37.Ba3 Rb1+ 38.Kh2 h5 39.Rd2 Nb2 40.Rc6 h4 41.Ne2 Bh6 42.Bxd6 Bxd2 43.Bxb8 Nd3
44.Rc8+ Kh7 45.d6 Nxf2 46.g3 Re1 47.d7 Rxe2 48.Rh8+ Kxh8 49.d8=Q+ Kh7 50.Qxh4+ Kg8
51.Kg1 Bg5 52.Qxg5 Nxh3+ 53.Kf1 Rf2+ 54.Ke1 Nxg5 55.Kxf2 Nxe4+ 56.Kf3 Ng5+
57.Ke3 f6 58.a4 Ne6 59.Ba7 Kf7 60.Bb6 f5 61.Kd3 e4+ 62.Kc4 g5 63.Bxa5 f4
64.gxf4 gxf4 65.Bb6 Ke7 66.Kd5 e3 67.Ke4 e2 68.Bf2 Kd6 69.Kf3 Nd4+  1/2-1/2

[Event "2nd Mayors Cup"]
[Site "Mumbai IND"]
[Date "2009.05.09"]
[Round "10"]
[White "Areshchenko,A"]
[Black "Panchanathan,M"]
[Result "1/2-1/2"]
[WhiteElo "2657"]
[BlackElo "2462"]

1.e4 e5 2.Nf3 Nc6 3.Bb5 a6 4.Ba4 Nf6 5.O-O Be7 6.Re1 b5 7.Bb3 d6 8.c3 O-O
9.h3 Nb8 10.d4 Nbd7 11.Nbd2 Bb7 12.Bc2 Re8 13.d5 c6 14.dxc6 Bxc6 15.Nf1 Nc5
16.Ng3 Qc7 17.Bg5 g6 18.b4 Ne6 19.Bd2 Bf8 20.Bb3 a5 21.a3 Qb7 22.Qc2 axb4
23.cxb4 Rac8 24.Qb1 Bg7 25.Ng5 d5 26.Nxe6 Rxe6 27.Bg5 h6 28.Bxf6 Rxf6 29.exd5 Bxd5
30.Bxd5 Qxd5 31.Rd1 Qc4 32.Ne4 Rfc6 33.Nd6 Rxd6 34.Rxd6 e4 35.Ra2 Bd4 36.g3 e3
37.fxe3 Qc7 38.Rxg6+ fxg6 39.Qb3+ Qc4 40.Qxc4+ Rxc4 41.exd4 Rxd4 42.Kf2 Rd3
43.a4 bxa4 44.Rxa4 Rb3 45.h4 h5 46.Ra8+ Kg7 47.Rb8 Kf6 48.Rf8+ Ke5 49.Rf4 Rb2+
50.Kf3 Rb3+ 51.Kg2 Rb2+ 52.Kh3 Ke6 53.Rc4 Kf6 54.g4 Rb3+ 55.Kg2 hxg4 56.Rxg4 Kf5
57.Rc4 g5 58.h5 Kf6 59.Rc6+ Kg7 60.Rb6 Kh7 61.b5 g4 62.Rb8 Kh6 63.b6 Kh7
64.Kf2 Kg7 65.b7 Kh7 66.Kg2 Kg7 67.h6+ Kh7 68.Kf2 g3+ 69.Kg2 Rb2+ 70.Kxg3 Rb3+
71.Kf4 Rb4+ 72.Ke5 Rb1 73.Kd5 Rd1+ 74.Kc4 Rc1+ 75.Kb3 Rb1+ 76.Ka3 Rb6 77.Ka4 Rb1
78.Ka5  1/2-1/2

[Event "FIDE Open"]
[Site "Ostrava CZE"]
[Date "2009.05.09"]
[Round "8"]
[White "Rojicek,V"]
[Black "Maiorov,N1"]
[Result "1/2-1/2"]
[WhiteElo "2373"]
[BlackElo "2525"]

1.e4 e5 2.Nf3 Nc6 3.Bb5 a6 4.Ba4 Nf6 5.O-O Be7 6.Re1 b5 7.Bb3 d6 8.c3 O-O
9.h3 Nb8 10.d4 Nbd7 11.Nbd2 Bb7 12.Bc2 Re8 13.Nf1 Bf8 14.Ng3 g6 15.a4 c5
16.d5 c4 17.Bg5 h6 18.Be3 Nc5 19.Kh1 Rb8 20.Nd2 Nfd7 21.Qe2 Bc8 22.axb5 axb5
23.Ra3 Nb6 24.Rea1 Bd7 25.Qd1 Qf6 26.Qf1 h5 27.f4 exf4 28.Bxf4 Nd3 29.Bxd3 cxd3
30.Be3 Qxf1+ 31.Ngxf1 f5 32.Ra7 Bc8 33.Rc7 fxe4 34.Bxb6 Rxb6 35.Ra8 Bd7 36.Rxe8 Bxe8
37.Nxe4 Bf7 38.Nf6+ Kg7 39.Ne8+  1/2-1/2

[Event "XXVIII Open"]
[Site "Zalakaros HUN"]
[Date "2009.05.12"]
[Round "5"]
[White "Feher,G"]
[Black "Vukovic,Ivo"]
[Result "1-0"]
[WhiteElo "2368"]
[BlackElo "2286"]

1.e4 e5 2.Nf3 Nc6 3.Bb5 a6 4.Ba4 Nf6 5.O-O Be7 6.Re1 b5 7.Bb3 d6 8.c3 O-O
9.h3 Nb8 10.d4 Nbd7 11.Nbd2 Bb7 12.Bc2 Re8 13.a4 c5 14.d5 Bf8 15.Nf1 g6 16.g4 h5
17.N3h2 hxg4 18.hxg4 Nh7 19.Nf3 Ndf6 20.N1h2 Qd7 21.Ng5 Be7 22.Nh3 Rab8 23.Be3 Kg7
24.f3 Rh8 25.Kg2 Bc8 26.axb5 axb5 27.Rh1 Nf8 28.Nf1 N6h7 29.Ng3 Bh4 30.Qd2 Nf6
31.Nf2 Bxg3 32.Bh6+ Kg8 33.Kxg3 Ne8 34.Bxf8 Rxh1 35.Rxh1 Kxf8 36.Qg5 f6 37.Rh8+ Kf7
38.Qh6 Ng7 39.Qh7  1-0

[Event "VI Moncada Open"]
[Site "Santiago de Cuba CUB"]
[Date "2009.05.17"]
[Round "2"]
[White "Obregon Rivero,J"]
[Black "Comez Ledo,R"]
[Result "1-0"]
[WhiteElo "2309"]
[BlackElo "2398"]

1.e4 e5 2.Nf3 Nc6 3.Bb5 a6 4.Ba4 Nf6 5.O-O Be7 6.Re1 b5 7.Bb3 d6 8.c3 O-O
9.h3 Nb8 10.d4 Nbd7 11.Nbd2 Bb7 12.Bc2 Re8 13.Nf1 Bf8 14.Ng3 g6 15.Bg5 h6
16.Bd2 Bg7 17.Qc1 h5 18.a4 c6 19.Bh6 Nh7 20.dxe5 dxe5 21.Rd1 Qe7 22.Be3 Rad8
23.axb5 cxb5 24.b4 Ndf8 25.Bc5 Qf6 26.Qe3 Ne6 27.Bb6 Rxd1+ 28.Rxd1 Nf4 29.Bb3 Bh6
30.Qc5 Bf8 31.Qc7 Bc8 32.Nxe5 Ng5 33.Nxf7 Nxf7 34.Bd4 Nxh3+ 35.gxh3 Qe7 36.Qc6 Kh7
37.Bf6 Ne5 38.Bxe5 Qxe5 39.Bf7  1-0

[Event "Global Chess"]
[Site "Ulan Bator MGL"]
[Date "2009.05.23"]
[Round "8"]
[White "Myagmarsuren,L"]
[Black "Tuvshintugs,B"]
[Result "0-1"]
[WhiteElo "2198"]
[BlackElo "2286"]

1.e4 e5 2.Nf3 Nc6 3.Bb5 a6 4.Ba4 Nf6 5.O-O Be7 6.Re1 b5 7.Bb3 d6 8.h3 O-O
9.c3 Nb8 10.d4 Nbd7 11.Nbd2 Bb7 12.Bc2 Re8 13.Nf1 Bf8 14.Ng3 g6 15.b3 Bg7
16.Bb2 c5 17.Qd2 Qc7 18.Rad1 Rad8 19.d5 c4 20.Ra1 cxb3 21.axb3 Nc5 22.Ra2 Rf8
23.Ba3 Rc8 24.Bb4 Qe7 25.Qe3 Kh8 26.Nd2 Ng8 27.c4 Qd7 28.Bxc5 Bh6 29.Qe2 Rxc5
30.cxb5 Qxb5 31.Nc4 Qd7 32.b4 Rc7 33.Bd3 f5 34.Nd2 fxe4 35.Ndxe4 Bxd5 36.Rxa6 Bxe4
37.Bxe4 d5 38.Bf3 e4 39.Bg4 Qe7 40.Rd1 Qxb4 41.Rxd5 Rc1+ 42.Kh2 Qb1 43.Ra7 Nf6
44.Rb5 Qd3 45.Qxd3 exd3 46.Rbb7 d2  0-1

[Event "VI Moncada Open"]
[Site "Santiago de Cuba CUB"]
[Date "2009.05.24"]
[Round "8"]
[White "Quezada,L"]
[Black "Comez Ledo,R"]
[Result "1/2-1/2"]
[WhiteElo "2331"]
[BlackElo "2398"]

1.e4 e5 2.Nf3 Nc6 3.Bb5 a6 4.Ba4 Nf6 5.O-O Be7 6.Re1 b5 7.Bb3 d6 8.c3 O-O
9.h3 Nb8 10.d3 Nbd7 11.Nbd2 Nc5 12.Bc2 Re8 13.Nf1 Bf8 14.Ng3 g6 15.d4 Ncd7
16.Nh2 Bb7 17.a4 c5 18.d5 c4 19.Qf3 h5 20.Be3 Nh7 21.Ngf1 Be7 22.g3 Bg5 23.Qg2 Bxe3
24.Nxe3 Nc5 25.f4 exf4 26.gxf4 Kh8 27.Rad1 Qh4 28.Qf3 Bc8 29.Ng2 Qxh3 30.Qf2 Qd7
31.e5 Nd3 32.Bxd3 cxd3 33.Rxd3 Bb7 34.Qd4 Kg8 35.b3 Rac8 36.c4 bxc4 37.bxc4 Qxa4
38.Rc1 Nf8 39.Nh4 Rc5 40.e6 Bxd5 41.f5 Bxe6 42.fxe6 Nxe6 43.Qf6 Rxc4 44.Rf1 Rf4
45.Rxf4 Nxf4 46.Rxd6 Qe4 47.N2f3 Qe3+ 48.Kh1 Qf2 49.Rd8 Rxd8 50.Qxd8+ Kg7
51.Qg5 Qf1+ 52.Ng1 Ne6 53.Qa5 Qf6 54.Ngf3 Nd4 55.Kg2 Ne6 56.Kg3 Qf4+ 57.Kg2 Qf6
58.Kg3 Qf4+ 59.Kg2 g5 60.Nf5+ Kf6 61.Ng3  1/2-1/2

[Event "Subic Open"]
[Site "Subic PHI"]
[Date "2009.05.26"]
[Round "3"]
[White "Ochoa,C"]
[Black "Irwanto,S"]
[Result "1/2-1/2"]
[WhiteElo "2276"]
[BlackElo "2447"]

1.e4 e5 2.Nf3 Nc6 3.Bb5 a6 4.Ba4 Nf6 5.O-O Be7 6.Re1 b5 7.Bb3 d6 8.c3 O-O
9.h3 Nb8 10.d4 Nbd7 11.Nbd2 Bb7 12.Bc2 Re8 13.Nf1 Bf8 14.Ng3 g6 15.a4 c5
16.d5 c4 17.Bg5 h6 18.Be3 Nc5 19.Qd2 h5 20.Bg5 Be7 21.Ra3 Nh7 22.Be3 Bf8
23.Rea1 Rb8 24.Ne2 Bc8 25.axb5 axb5 26.Ra7 Re7 27.Ra8 Bd7 28.R8a7 Be8 29.Rxe7 Qxe7
30.Nc1 Qc7 31.Ra3 Rb7 32.Na2 Ra7 33.Nb4 Rxa3 34.bxa3 Nf6 35.Ng5 Qa7 36.f4 Bh6
37.Nc6 Qxa3 38.fxe5 Bxg5 39.Ne7+ Kh7 40.Bxg5 Nfxe4 41.Bxe4 Nxe4 42.Qf4 Nxg5
43.Qxg5 b4 44.Nf5 Qa7+ 45.Kh2 f6 46.Qh6+ Kg8 47.Nxd6 Qe7 48.Nxc4 fxe5 49.cxb4 Qxb4
50.Nxe5 Qd6 51.Qf4 Qxd5 52.Qc4 Qxc4 53.Nxc4 Kg7 54.g4 hxg4 55.hxg4 Kf6 56.Kg3 Bb5
57.Ne3 Ke5 58.Ng2  1/2-1/2

[Event "13th Open"]
[Site "Voronezh RUS"]
[Date "2009.06.12"]
[Round "1"]
[White "Demianjuk,A"]
[Black "Popov,Iv RUS"]
[Result "0-1"]
[WhiteElo "2330"]
[BlackElo "2568"]

1.e4 e5 2.Nf3 Nc6 3.Bb5 a6 4.Ba4 Nf6 5.O-O Be7 6.Re1 b5 7.Bb3 d6 8.c3 O-O
9.h3 Nb8 10.d4 Nbd7 11.Nbd2 Bb7 12.Bc2 Re8 13.Nf1 Bf8 14.Ng3 g6 15.a4 c5
16.d5 c4 17.Bg5 h6 18.Be3 Nc5 19.Qd2 h5 20.Bg5 Be7 21.Bh6 Bf8 22.Bxf8 Rxf8
23.Ra3 Rb8 24.Rea1 h4 25.Nxh4 Nfxe4 26.Nxe4 Nxe4 27.Bxe4 Qxh4 28.Bf3 Rfc8
29.axb5 axb5 30.b4 cxb3 31.Rxb3 Rc5 32.Rb4 Qd8 33.Rab1 Ba8 34.Qh6 Rbc8 35.Rxb5 Rxb5
36.Rxb5 Rxc3 37.Rb4 Rc5 38.Ra4 Bb7 39.Rb4 Bc8 40.Bg4 Bxg4 41.Rxg4 Ra5 42.Rc4 Qf8
43.Qg5 Kg7 44.Rh4 Qb8 45.Kh2 Rxd5 46.f4 Rd4 47.Qh6+ Kf6 48.Qg5+ Ke6 49.f5+ gxf5
50.Rh6+ Kd5 51.Qe7 f4 52.Qxf7+ Kc5 53.Rg6 Rb4 54.Rg8 Qb7 55.Qe6 Qd5 56.Rc8+ Kd4
57.Qg4 Qb3 58.h4 Rb7 59.Rg8 Rh7 60.Rg5 Qb1 61.h5 Qe1 62.Qh3 Ra7 63.Rg6 Ra1
64.Rxd6+ Kc5 65.Rd5+ Kxd5 66.Qd7+ Kc4 67.Qc6+ Kb3 68.Qd5+ Kc2 69.Qc4+ Qc3
70.Qe2+  0-1

[Event "TCh-BUL"]
[Site "Sunny Beach BUL"]
[Date "2009.06.13"]
[Round "6"]
[White "Radulski,J"]
[Black "Ninov,N"]
[Result "1/2-1/2"]
[WhiteElo "2560"]
[BlackElo "2528"]

1.e4 e5 2.Nf3 Nc6 3.Bb5 a6 4.Ba4 Nf6 5.O-O Be7 6.Re1 b5 7.Bb3 d6 8.c3 O-O
9.h3 Nb8 10.d3 Nbd7 11.Nbd2 Bb7 12.Nf1 Re8 13.Ng5 Rf8 14.Nf3 Re8 15.Ng3 h6
16.Nh2 Nc5 17.Bc2 d5 18.Ng4 dxe4 19.Nxf6+ Bxf6 20.dxe4 Qxd1 21.Rxd1 Bg5 22.Bxg5 hxg5
23.f3 Red8 24.Kf2 Kf8 25.Nf1 Ne6 26.Ne3 Rxd1 27.Rxd1 Rd8 28.Rxd8+ Nxd8 29.a4 Ne6
30.axb5 axb5 31.b4  1/2-1/2

[Event "zt 2.4"]
[Site "Rio de Janeiro BRA"]
[Date "2009.06.14"]
[Round "7"]
[White "Bittencourt,J"]
[Black "Mecking,H"]
[Result "0-1"]
[WhiteElo "2471"]
[BlackElo "2556"]

1.e4 e5 2.Nf3 Nc6 3.Bb5 a6 4.Ba4 Nf6 5.O-O Be7 6.Re1 b5 7.Bb3 d6 8.c3 O-O
9.h3 Nb8 10.d4 Nbd7 11.Nbd2 Bb7 12.Bc2 Re8 13.Nf1 Bf8 14.Ng3 g6 15.a4 c5
16.d5 c4 17.Bg5 h6 18.Be3 Nc5 19.Qd2 Kh7 20.Rf1 Nfd7 21.Nh2 Qh4 22.Ng4 Bg7
23.Kh2 Rf8 24.f4 h5 25.Nf2 exf4 26.Bxf4 Be5 27.Nfh1 Qe7 28.axb5 axb5 29.Ne2 Bxf4+
30.Qxf4 Bxd5 31.Nd4 Rxa1 32.Rxa1 Bxe4 33.Bxe4 Nxe4 34.Nxb5 Rb8 35.Re1 Rxb5
36.Rxe4 Ne5 37.Re2 Qb7 38.Ng3 Rxb2 39.Rxb2 Qxb2 40.Ne4 Kg8 41.Qf6 Qc2 42.Qf4 Qd3
43.Qh4 Nc6 44.Qf4 Ne5 45.Qh4 Qe2 46.Qf4 Nd3 47.Nf6+ Kg7 48.Qxd6 Ne1  0-1

[Event "13th Master Open"]
[Site "Voronezh RUS"]
[Date "2009.06.18"]
[Round "7"]
[White "Ajrapetian,G"]
[Black "Tarasova,Viktoriy"]
[Result "1/2-1/2"]
[WhiteElo "2366"]
[BlackElo "2292"]

1.e4 e5 2.Nf3 Nc6 3.Bb5 a6 4.Ba4 Nf6 5.O-O Be7 6.Re1 b5 7.Bb3 d6 8.c3 O-O
9.h3 Nb8 10.d4 Nbd7 11.Nbd2 Bb7 12.Bc2 Re8 13.Nf1 d5 14.exd5 exd4 15.Nxd4 Nxd5
16.Nf5 Bf6 17.N1g3 Rxe1+ 18.Qxe1 Qe8 19.Qf1 Ne5 20.Bd2 Nc4 21.Re1 Qd7 22.Bc1 Re8
23.Rd1 Qe6 24.Nh5 g6 25.Nxf6+ Nxf6 26.Nd4 Qe5 27.a4 Nd6 28.axb5 axb5 29.Rd2 Qe1
30.Re2 Rxe2 31.Nxe2 Qxf1+ 32.Kxf1 Be4 33.Bd1 Kf8 34.f3 Bd3 35.Kf2 Nd5 36.Nf4 Nxf4
37.Bxf4 Ke8 38.g4 Kd8 39.h4 Nc4 40.Bc1 c5 41.b3 Nb6 42.Bd2 Nd5 43.Kg3 b4
44.cxb4 cxb4 45.Kf2 Nc3 46.Ke3 Bb1  1/2-1/2

[Event "13th Master Open"]
[Site "Voronezh RUS"]
[Date "2009.06.20"]
[Round "9"]
[White "Ziatdinov,R"]
[Black "Tarasova,Viktoriy"]
[Result "1/2-1/2"]
[WhiteElo "2425"]
[BlackElo "2292"]

1.e4 e5 2.Nf3 Nc6 3.Bb5 a6 4.Ba4 Nf6 5.O-O Be7 6.Re1 b5 7.Bb3 d6 8.c3 O-O
9.h3 Nb8 10.d4 Nbd7 11.Nbd2 Bb7 12.Bc2 Re8 13.b3 Bf8 14.d5 c6 15.c4 bxc4
16.bxc4 Nc5 17.Ba3 Nfd7 18.Nh2 a5 19.Ng4 Rc8 20.Ne3 g6 21.Nb1 cxd5 22.cxd5 Ba6
23.Qd2 Bh6 24.Nc3 Nb6 25.Bxc5 Rxc5 26.Bd3 Nc4 27.Bxc4 Bxc4 28.Nxc4 Rxc4 29.Qd3 Rc5
30.Nb5  1/2-1/2

[Event "VI Moncada Elite"]
[Site "Santiago de Cuba CUB"]
[Date "2009.06.25"]
[Round "11"]
[White "Perez Rodriguez,L"]
[Black "Blanco,H"]
[Result "1/2-1/2"]
[WhiteElo "2521"]
[BlackElo "2434"]

1.e4 e5 2.Nf3 Nc6 3.Bb5 a6 4.Ba4 Nf6 5.O-O Be7 6.Re1 b5 7.Bb3 d6 8.c3 O-O
9.h3 Nb8 10.d4 Nbd7 11.Nbd2 Bb7 12.Bc2 Re8 13.Nf1 Bf8 14.Ng3 g6 15.a4 c5
16.d5 c4 17.Bg5 h6 18.Be3 Nc5 19.Qd2 h5 20.Bg5 Be7 21.Ra3 Nh7 22.Bh6 Bf8
23.Bg5 Be7 24.Bh6  1/2-1/2